00350pab a2200121 454500008004000000100002000040245009400060260000900154300001400163362000800177650001000185773003300195180718b2006 xxu||||| |||| 00| 0 eng d aBurnier, DeLysa aMasculine markets and feminine care: a gender analysis of the national performance review c2006 ap.861-72. aDec aWomen aPublic Administration Review